ბათუმის შოთა რუსთაველის სახელმწიფო უნივერსიტეტის ბიბლიოთეკა

Алгебра. Модули, кольца, формы (ბიბ.ჩანაწერი № 39121)

000 -LEADER
fixed length control field 00601nam a2200205Ia 4500
001 - CONTROL NUMBER
control field 5702
003 - CONTROL NUMBER IDENTIFIER
control field GE_BSU
008 - FIXED-LENGTH DATA ELEMENTS--GENERAL INFORMATION
fixed length control field 181216s||||||||xx |||||||||||||| ||und||
040 ## - CATALOGING SOURCE
Transcribing agency GE_BSU
080 ## - UNIVERSAL DECIMAL CLASSIFICATION NUMBER
Universal Decimal Classification number 512.55
100 ## - MAIN ENTRY--PERSONAL NAME
Personal name Бурбаков, Н.
245 ## - TITLE STATEMENT
Title Алгебра. Модули, кольца, формы
245 ## - TITLE STATEMENT
Statement of responsibility, etc. Пер с французского Г..В. Дорофеева, Ю..И.Манина
260 ## - PUBLICATION, DISTRIBUTION, ETC.
Place of publication, distribution, etc. Москва.
260 ## - PUBLICATION, DISTRIBUTION, ETC.
Name of publisher, distributor, etc. Мир,
260 ## - PUBLICATION, DISTRIBUTION, ETC.
Date of publication, distribution, etc. 1966
300 ## - PHYSICAL DESCRIPTION
Extent 555с. 22см.
653 ## - INDEX TERM--UNCONTROLLED
Uncontrolled term Алгебра. Модули, кольца, формы
942 ## - ADDED ENTRY ELEMENTS (KOHA)
Koha item type წიგნი
ეგზემპლარები
Withdrawn status Lost status Damaged status Not for loan Date acquired Barcode Date last seen Price effective from Koha item type
        2018-12-17 16631 2018-12-17 2018-12-17 წიგნი
        2018-12-17 16638 2018-12-17 2018-12-17 წიგნი